<?xml version="1.0" encoding="UTF-8"?>
<record xmlns="http://www.loc.gov/MARC21/slim">
  <leader>01420cam a2200289M  4500</leader>
  <controlfield tag="001">ocm66783423 </controlfield>
  <controlfield tag="003">OCoLC</controlfield>
  <controlfield tag="005">20100122112434.0</controlfield>
  <controlfield tag="008">880912s1916    iluac         000 0 eng d</controlfield>
  <datafield tag="010" ind1=" " ind2=" ">
    <subfield code="a">   17004342 </subfield>
  </datafield>
  <datafield tag="040" ind1=" " ind2=" ">
    <subfield code="a">EYM</subfield>
    <subfield code="c">EYM</subfield>
    <subfield code="d">OCLCG</subfield>
    <subfield code="d">UBY</subfield>
  </datafield>
  <datafield tag="020" ind1=" " ind2=" ">
    <subfield code="c">$5.50</subfield>
  </datafield>
  <datafield tag="035" ind1=" " ind2=" ">
    <subfield code="a">(OCoLC)66783423</subfield>
  </datafield>
  <datafield tag="050" ind1="0" ind2="0">
    <subfield code="a">BF1611</subfield>
    <subfield code="b">.R17</subfield>
  </datafield>
  <datafield tag="245" ind1="0" ind2="0">
    <subfield code="a">Raphael&apos;s ancient manuscript of talismanic magic,</subfield>
    <subfield code="b">containing nearly one hundred rare talismanic diagrams, seals of spirits, charms, magical squares, and pentacles for orations and invocation of elementary spirits, and the magical ritual of their conjuration. Explaining their influence and hidden powers. Recondite wisdom, by Raphael.</subfield>
    <subfield code="c">Prepared for publication under the editorship of Dr. L. W. DeLaurence.</subfield>
  </datafield>
  <datafield tag="260" ind1=" " ind2=" ">
    <subfield code="a">Chicago, Ill.,</subfield>
    <subfield code="b">De Laurence, Scott &amp; co.</subfield>
    <subfield code="c">[c1916]</subfield>
  </datafield>
  <datafield tag="300" ind1=" " ind2=" ">
    <subfield code="a">1 p. L., 104 p.</subfield>
    <subfield code="b">front. (port.) illus.</subfield>
    <subfield code="c">26 cm.</subfield>
  </datafield>
  <datafield tag="500" ind1=" " ind2=" ">
    <subfield code="a">Added t.-p.: The art of talismanic magic: being selections from the works of Rabbi Solomon, Agrippa, F. Barrett, etc. By Raphael.</subfield>
  </datafield>
  <datafield tag="500" ind1=" " ind2=" ">
    <subfield code="a">Signed: Raphael, 1880.</subfield>
  </datafield>
  <datafield tag="650" ind1=" " ind2="0">
    <subfield code="a">Magic</subfield>
  </datafield>
  <datafield tag="650" ind1=" " ind2="0">
    <subfield code="a">Occultism</subfield>
  </datafield>
  <datafield tag="700" ind1="0" ind2=" ">
    <subfield code="a">Raphael,</subfield>
    <subfield code="d">1483-1520.</subfield>
  </datafield>
  <datafield tag="700" ind1="1" ind2=" ">
    <subfield code="a">De Laurence, Lauron William,</subfield>
    <subfield code="d">1868-</subfield>
  </datafield>
  <datafield tag="952" ind1=" " ind2=" ">
    <subfield code="a">66783423</subfield>
    <subfield code="z">EYM</subfield>
    <subfield code="b">UNIV OF MICHIGAN LIBR</subfield>
    <subfield code="h">Less-than-full batch</subfield>
    <subfield code="i">LCC</subfield>
    <subfield code="u">20090530</subfield>
  </datafield>
  <datafield tag="952" ind1=" " ind2=" ">
    <subfield code="a">135475530</subfield>
    <subfield code="z">UBY</subfield>
    <subfield code="b">BRIGHAM YOUNG UNIV LIBR</subfield>
    <subfield code="h">Full</subfield>
    <subfield code="i">LCC</subfield>
    <subfield code="u">20090603</subfield>
  </datafield>
  <datafield tag="994" ind1=" " ind2=" ">
    <subfield code="a">Z0</subfield>
    <subfield code="b">PMR</subfield>
  </datafield>
  <datafield tag="948" ind1=" " ind2=" ">
    <subfield code="h">NO HOLDINGS IN PMR - 3 OTHER HOLDINGS</subfield>
  </datafield>
</record>
